000
00321nam a2200145Ia 4500
008
150201s2008 xx 000 0 und d
082
_a
611
_b
H2008G
100
_a
GANGANE, SD
245
_a
HUMAN GENETICS
250
_a
3RD
260
_b
ELSEVIER
_a
DELHI
_c
2008
300
_a
1-272
650
_a
ANATOMY
942
_2
ddc
_c
BK
999
_c
4371
_d
4371